Normal view MARC view
  • Chaudhuri, Subhasis, Pawar, Tanmay D, Duttagupta, Siddhartha

Entry Personal Name

Number of records used in: 1

001 - CONTROL NUMBER

  • control field: 68386

003 - CONTROL NUMBER IDENTIFIER

  • control field: NUST

005 - DATE AND TIME OF LATEST TRANSACTION

  • control field: 20210628204035.0

008 - FIXED-LENGTH DATA ELEMENTS

  • fixed length control field: 210628|| aca||aabn | a|a d

040 ## - CATALOGING SOURCE

  • Original cataloging agency: NUST
  • Transcribing agency: NUST

100 ## - HEADING--PERSONAL NAME

  • Personal name: Chaudhuri, Subhasis, Pawar, Tanmay D, Duttagupta, Siddhartha

670 ## - SOURCE DATA FOUND

  • Source citation: Work cat.: (NUST): Chaudhuri, Subhasis, Pawar, Tanmay D, Duttagupta, Siddhartha, Ambulation analysis in wearable ecg, 2009
© 2023 Central Library, National University of Sciences and Technology. All Rights Reserved.